Top Beef, Pork & Poultry Producers Quiz Stats

 Plays Quiz Updated Feb 23, 2019

Score 0/75 Timer 05:00
4 Plays Today
% Correct
1 - United States
99.6%
2 - United States
99.6%
1 - United States
99.6%
3 - China
98.3%
1 - China
98.2%
2 - China
98.2%
8 - Russia
95.3%
7 - Russia
95.3%
4 - Russia
95.3%
2 - Brazil
95.2%
5 - Brazil
95.2%
3 - Brazil
95.2%
12 - Canada
95%
20 - Canada
95%
7 - Mexico
94.8%
16 - Mexico
94.8%
5 - Mexico
94.8%
10 - France
94.8%
8 - France
94.8%
7 - France
94.8%
11 - Germany
94.5%
3 - Germany
94.5%
15 - Germany
94.5%
15 - United Kingdom
94.4%
20 - United Kingdom
94.4%
12 - United Kingdom
94.4%
9 - Canada
94.2%
4 - India
91.4%
6 - India
91.2%
21 - Spain
90.9%
4 - Spain
90.9%
19 - Spain
90.9%
6 - Australia
90.6%
25 - Australia
90.6%
24 - Japan
90.3%
15 - Japan
90.3%
16 - Japan
90.3%
5 - Argentina
89.8%
% Correct
9 - Argentina
89.8%
13 - Italy
87.5%
13 - Italy
87.4%
21 - Italy
87.4%
25 - Chile
79.4%
17 - South Africa
79.3%
13 - South Africa
79.3%
20 - New Zealand
75.4%
10 - Poland
74.2%
18 - Poland
74.2%
11 - Turkey
71.2%
16 - Egypt
70.6%
19 - Turkey
70.5%
24 - Peru
69.5%
8 - Iran
65.7%
22 - Ireland
65.2%
14 - Colombia
64.9%
23 - Colombia
64.9%
9 - Pakistan
64.2%
21 - Indonesia
63.8%
10 - Indonesia
63.8%
23 - Indonesia
63.8%
22 - Ukraine
63.7%
19 - South Korea
62.2%
6 - Vietnam
59.8%
18 - Thailand
57.4%
17 - Thailand
57.4%
25 - Venezuela
57.1%
24 - Austria
56.3%
14 - Netherlands
54.4%
11 - Denmark
53.4%
17 - Belgium
48.2%
12 - Philippines
44.6%
14 - Malaysia
43.7%
22 - Myanmar
29.9%
23 - Myanmar
29.7%
18 - Uzbekistan
14.9%

You're not logged in!

Compare scores with friends on all Sporcle quizzes.
OR
Log In

Show Comments

Extras

Top Quizzes Today


Score Distribution

Your Account Isn't Verified!

In order to create a playlist on Sporcle, you need to verify the email address you used during registration. Go to your Sporcle Settings to finish the process.

Report this User

Report this user for behavior that violates our Community Guidelines.

Details: